Áreas naturales protegidas en el departamento del Quindío : (Registro nro. 7010)
[ vista simple ]
| 000 -CABECERA | |
|---|---|
| Campo de control | 01277cam a2200277 a 4500 |
| 005 - FECHA Y HORA DE LA ULTIMA TRANSACCION | |
| Campo de control | 20160115074510.0 |
| 008 - ELEMENTOS DE LONGITUD FIJA—INFORMACION GENERAL | |
| Campo de control | 090624s2006 ck a gr 00010 spa d |
| 015 ## - NATIONAL BIBLIOGRAPHY NUMBER | |
| National bibliography number | ck-2006-xxxx |
| 020 ## - ISBN | |
| ISBN | 9583399000 |
| 040 ## - FUENTE DE CATALOGACIÓN | |
| Agencia catalogadora original | CO-BoBLA |
| Agencia transcriptora | CO-BoBLA |
| 041 ## - IDIOMA | |
| Código de idioma para texto/pista de sonido o título separado | Español |
| 044 ## - PAÍS DE PUBLICACIÓN | |
| País de publicación | Colombia |
| 082 04 - NUMERO DE CLASIFICACION DECIMAL DEWEY | |
| Número de clasificación | 333.9516 |
| Número del ítem | A83a |
| 110 2# - ASIENTO PRINCIPAL--NOMBRE CORPORATIVO | |
| Nombre corporativo o de jurisdicción como elemento de entrada | Asociación Organización Quindiana de Ambientalistas "Orquidea" |
| 9 (RLIN) | 51316 |
| 245 10 - MENCION DE TITULO | |
| Título | Áreas naturales protegidas en el departamento del Quindío : |
| Parte restante del título | Una experiencia de participación social / |
| Mención de responsabilidad | Asociación Organización Quindiana de Ambientalistas Orquidea , Asociacion Colombiana de Reservas Naturales de la Sociedad Civil Resnatur - Nodo Regional Eje Cafetero ; . ... [et. al.]. |
| 260 ## - PUBLICACION, DISTRIBUCION, ETC. (PIE DE IMPRENTA) | |
| Lugar de publicación, distribución, etc. | Armenia : |
| Nombre del editor, distribuidor, etc. | Orquidea, |
| Fecha de publicación, distribución, etc. | 2006. |
| 300 ## - DESCRIPCION FISICA | |
| Extensión | 82 p. : |
| Otros detalles físicos | il.,mapas, fotos, ; |
| Dimensiones | 26 cm. |
| 650 14 - ASIENTO SECUNDARIO DE MATERIA - TERMINO TEMATICO | |
| Término temático o nombre geográfico como elemento de entrada | Protección del medio ambiente |
| Subdivisión geográfica | |
| -- | Quindío (Colombia) |
| 9 (RLIN) | 51317 |
| 650 24 - ASIENTO SECUNDARIO DE MATERIA - TERMINO TEMATICO | |
| Término temático o nombre geográfico como elemento de entrada | Conservación del agua |
| Subdivisión geográfica | Quindío (Colombia) |
| 9 (RLIN) | 51318 |
| 650 24 - ASIENTO SECUNDARIO DE MATERIA - TERMINO TEMATICO | |
| Término temático o nombre geográfico como elemento de entrada | Areas de conservación de recursos naturales. |
| 9 (RLIN) | 51319 |
| 650 24 - ASIENTO SECUNDARIO DE MATERIA - TERMINO TEMATICO | |
| Término temático o nombre geográfico como elemento de entrada | Parques naturales |
| Subdivisión geográfica | Quindío (Colombia) |
| 9 (RLIN) | 51320 |
| 700 1# - ASIENTO SECUNDARIO - NOMBRE PERSONAL | |
| Nombre personal | García Parra, Alba Lorena. |
| 9 (RLIN) | 2752 |
| 710 2# - ASIENTO SECUNDARIO - NOMBRE CORPORATIVO | |
| Nombre corporativo o de jurisdicción como elemento de entrada | Asociacion Colombiana de Reservas Naturales de la Sociedad Civil. |
| 9 (RLIN) | 51321 |
| 942 ## - ELEMENTOS ADICIONALES (KOHA) | |
| Sistema de clasificación | Dewey Decimal Classification |
| Tipo de ítem | Libro |
| 949 ## - LOCAL PROCESSING INFORMATION (OCLC) | |
| a | c |
| b | c |
| Withdrawn status | Lost status | Sistema de Clasificación | Damaged status | No para préstamo | Colección | Inventariado | Ubicación Permanente | Ubicación actual | Fecha de adquisición | Fuente de Valor | Valor | Total Checkouts | Número topográfico | Inventario / Código de Barras | Date last seen | Ejemplar | Price effective from | Forma de adquisición | Tipo de material |
|---|---|---|---|---|---|---|---|---|---|---|---|---|---|---|---|---|---|---|---|
| Dewey Decimal Classification | General | Inventariado 2017 | Bogotá | Bogotá | 16/07/2009 | Instituto | 30000.00 | LB-333.9516 A83a | 027351 | 04/12/2012 | Ej.1 | 04/12/2012 | Libro | ||||||
| Dewey Decimal Classification | General | Inventariado 2017 | Bogotá | Bogotá | 18/11/2013 | Instituto | 30000.00 | LB-333.9516 A83a | 029488 | 18/11/2013 | Ej. 2 | 18/11/2013 | Donación | Libro | |||||
| Dewey Decimal Classification | General | Inventariado 2017 | Sala Fabio Quevedo | Sala Fabio Quevedo | 21/02/2014 | Instituto | 30000.00 | LB-333.9516 A83a | 034041 | 21/02/2014 | Ej. 2 | 21/02/2014 | Libro |